| 000 | 00342nam a2200133Ia 4500 | ||
|---|---|---|---|
| 008 | 240624s9999 xx 000 0 und d | ||
| 041 | _aeng | ||
| 082 | _a210 EAS | ||
| 100 | _aEASWARAN EKNATH | ||
| 245 | _aLIVING THOUGHTS OF GREAT PEOPLE | ||
| 260 |
_c2006 _aMumbai _bJaico Publishing House |
||
| 300 | _a383 : p. : cm. ; 17 | ||
| 365 |
_cRS _b20 |
||
| 999 |
_c4454 _d4454 |
||